Las tinieblas exteriores / (Record no. 42319)

MARC details
000 -LEADER
campo de control de longitud fija 00624nam a2200205 i 4500
001 - NÚMERO DE CONTROL
campo de control 42319
003 - IDENTIFICADOR DE NÚMERO DE CONTROL
campo de control ES-MaACL
005 - FECHA Y HORA DE LA ÚLTIMA TRANSACCIÓN
campo de control 20250930063044.0
007 - CAMPO FIJO DE DESCRIPCIÓN FÍSICA--INFORMACIÓN GENERAL
campo de control de longitud fija t|
008 - DATOS DE LONGITUD FIJA--INFORMACIÓN GENERAL
campo de control de longitud fija 030313s1956 sp ||||1| spa d
100 0# - ENTRADA PRINCIPAL--NOMBRE DE PERSONA
Nombre de persona Castries, René,
Títulos y otros términos asociados al nombre Duc de
9 (RLIN) 36811
245 14 - MENCIÓN DEL TÍTULO
Título Las tinieblas exteriores /
Mención de responsabilidad, etc. René de Castries ; traducción de M. de Osuna.
260 ## - PUBLICACIÓN, DISTRIBUCIÓN, ETC.
Lugar de publicación, distribución, etc. Madrid :
Nombre del editor, distribuidor, etc. [s.n.,
Fecha de publicación, distribución, etc. 1956] (
Fabricante Gráf. C.I.O.)
300 ## - DESCRIPCIÓN FÍSICA
Extensión 212 p. ;
Dimensiones 18 cm.
490 1# - MENCIÓN DE SERIE
Mención de serie El grifón ;
Designación de volumen o secuencia 33
700 1# - ENTRADA AGREGADA--NOMBRE PERSONAL
Nombre de persona Osuna, M. de.
9 (RLIN) 87839
830 0# - PUNTO DE ACCESO ADICIONAL DE SERIE-TÍTULO UNIFORME
Título uniforme El grifón ;
Designación de volumen o secuencia 33
9 (RLIN) 181273
852 ## - LOCALIZACIÓN
Ubicación ES-MaACL
Número de control de estantería C-10685
Sublocalización o colección R.38679
Holdings
Estatus retirado Estado de pérdida Estado de daño No para préstamo Biblioteca de origen Biblioteca actual Ubicación en estantería Fecha de adquisición Fuente de adquisición Total de préstamos Signatura topográfica completa Código de barras Visto por última vez Precio de reemplazo Tipo de ítem Koha
        Biblioteca del Ateneo de Madrid Biblioteca del Ateneo de Madrid Sala Palomar 17/01/2008     C-10685 1044535 23/02/2023 23/02/2023 Libro impreso